[Event "Moscow op-E"]
[Site "Moscow"]
[Date "2011.02.05"]
[Round "8.205"]
[White "Chernukhin, Alexander"]
[Black "Golovanov, Vasily"]
[Result "1/2-1/2"]
[WhiteElo "2018"]
[BlackElo "2001"]
[PlyCount "102"]
[EventDate "2011.01.29"]
[EventType "swiss"]
[EventRounds "9"]
[EventCountry "RUS"]
[SourceTitle "EXT 2022"]
[Source "ChessBase"]
[SourceDate "2021.10.06"]
[SourceVersion "1"]
[SourceVersionDate "2021.10.06"]
[SourceQuality "1"]

1. d4 e6 2. c4 Nf6 3. Nc3 Bb4 4. Qc2 d5 5. e3 0-0 6. Nf3 b6 7. cxd5 exd5 8. h3 h6 9. Bd3 c5 10. Bd2 Nc6 11. 0-0 cxd4 12. exd4 Bd6 13. a3 Be6 14. Rfe1 a6 15. Rac1 Na5 16. Ne5 b5 17. f4 Nc4 18. f5 Bd7 19. Bf4 Qb6 20. Qf2 Nxb2 21. Bb1 Bc8 22. Qxb2 Qxd4+ 23. Qf2 Qxf2+ 24. Kxf2 Bxa3 25. Rcd1 d4 26. Ne2 Nd5 27. Be4 Nxf4 28. Bxa8 Bxf5 29. Nxf4 Rxa8 30. Nfd3 Bd6 31. Nc6 a5 32. Nxd4 Bd7 33. Ne5 Be8 34. Nxb5 Bb4 35. Nc7 Bxe1+ 36. Rxe1 Rd8 37. Nxe8 Rxe8 38. Nc4 Rxe1 39. Kxe1 a4 40. Kd2 f5 41. Kc3 Kf7 42. Kb4 Kg6 43. Kxa4 Kg5 44. Nd2 Kf4 45. Nf1 Ke4 46. Ng3+ Ke3 47. Nxf5+ Kf2 48. g4 Kg2 49. Nxh6 Kxh3 50. g5 Kh4 51. Nf5+ Kxg5 1/2-1/2

[Event "Moscow Bronstein Memorial op"]
[Site "Moscow"]
[Date "2007.03.??"]
[Round "7"]
[White "Frumson, Yury"]
[Black "Golovanov, Vasily"]
[Result "0-1"]
[WhiteElo "2281"]
[BlackElo "2078"]
[PlyCount "86"]
[EventDate "2007.02.28"]
[EventType "swiss"]
[EventRounds "7"]
[EventCountry "RUS"]
[SourceTitle "EXT 2022"]
[Source "ChessBase"]
[SourceDate "2021.10.06"]
[SourceVersion "1"]
[SourceVersionDate "2021.10.06"]
[SourceQuality "1"]

1. Nf3 d5 2. c4 c6 3. cxd5 cxd5 4. d4 e6 5. Bf4 Bd6 6. Bg3 Nc6 7. e3 f5 8. Nc3 Nf6 9. Bb5 Bxg3 10. hxg3 Bd7 11. Rc1 0-0 12. Bxc6 Bxc6 13. Ne5 Rc8 14. 0-0 Qb6 15. Qb3 Qxb3 16. axb3 Ne4 17. Rc2 Nd6 18. Rfc1 Rfd8 19. f3 Be8 20. Ne2 Rxc2 21. Rxc2 Rc8 22. Rc5 Rxc5 23. dxc5 Nf7 24. Nxf7 Kxf7 25. Nd4 Bd7 26. f4 Kf6 27. b4 a6 28. Kf2 g5 29. Ke1 g4 30. Kd2 Bb5 31. Nb3 e5 32. Na5 Bc6 33. Kd3 Ke6 34. Ke2 d4 35. fxe5 dxe3 36. Kxe3 Kxe5 37. Nc4+ Ke6 38. Kf4 Bxg2 39. Ne3 Be4 40. Nxg4 fxg4 41. Kxe4 h5 42. Kf4 Kf6 43. b3 Kg6 0-1